El arte del siglo XX (Record no. 173615)

MARC details
000 -LEADER
campo de control de longitud fija 00990 am a2200241 4500
001 - NÚMERO DE CONTROL
campo de control 173615
003 - IDENTIFICADOR DE NÚMERO DE CONTROL
campo de control ES-MaACL
005 - FECHA Y HORA DE LA ÚLTIMA TRANSACCIÓN
campo de control 20230906215305.0
008 - DATOS DE LONGITUD FIJA--INFORMACIÓN GENERAL
campo de control de longitud fija 091214s2009 sp |||| | spa d ..|
015 ## - NÚMERO DE BIBLIOGRAFÍA NACIONAL
Número de bibliografía nacional MON09
020 ## - NÚMERO INTERNACIONAL ESTÁNDAR DEL LIBRO
Número Internacional Estándar del Libro 978-84-7820-992-7
040 ## - FUENTE DE CATALOGACIÓN
Centro catalogador/agencia de origen SpMaBN
080 ## - NÚMERO DE LA CLASIFICACIÓN DECIMAL UNIVERSAL
Número de la Clasificación Decimal Universal 7.036(460.22)(063)
111 2# - ENTRADA PRINCIPAL--NOMBRE DE CONGRESO/REUNIÓN
Nombre de congreso/reunión o jurisdicción como elemento de entrada Coloquio de Arte Aragonés (
Número del congreso/reunión o número de parte o sección 12º.
Fecha del congreso o de la firma del tratado 2006.
Sede del congreso/Lugar de la reunión Zaragoza)
9 (RLIN) 141805
245 13 - MENCIÓN DEL TÍTULO
Título El arte del siglo XX
Resto del título : XII Coloquio de Arte Aragonés /
Mención de responsabilidad, etc. edición y coordinación científica Cristina Giménez Navarro, Concepción Lomba Serrano.
260 ## - PUBLICACIÓN, DISTRIBUCIÓN, ETC.
Lugar de publicación, distribución, etc. Zaragoza :
Nombre del editor, distribuidor, etc. Institución "Fernando el Católico :
-- Departamento de Historia del Arte, Universidad de Zaragoza,
Fecha de publicación, distribución, etc. 2009.
300 ## - DESCRIPCIÓN FÍSICA
Extensión 703 p. :
Otras características físicas il. ;
Dimensiones 24 cm.
650 ## - PUNTO DE ACCESO ADICIONAL DE MATERIA--TÉRMINO DE MATERIA
Término de materia o nombre geográfico como elemento de entrada Arte-
Subdivisión geográfica Aragón-
Subdivisión cronológica S.XX-
Subdivisión de forma Congresos y asambleas.
9 (RLIN) 141806
700 1# - ENTRADA AGREGADA--NOMBRE PERSONAL
Nombre de persona Giménez Navarro, Cristina.
9 (RLIN) 141807
700 1# - ENTRADA AGREGADA--NOMBRE PERSONAL
Nombre de persona Lomba Serrano, Concepción.
9 (RLIN) 138552
710 2# - ENTRADA AGREGADA--NOMBRE DE ENTIDAD CORPORATIVA
Nombre de entidad corporativa o nombre de jurisdicción como elemento de entrada Institución "Fernando el Católico"
9 (RLIN) 4721
852 ## - LOCALIZACIÓN
Ubicación ES-MaACL
Número de control de estantería L-5327
Holdings
Estatus retirado Estado de pérdida Estado de daño No para préstamo Biblioteca de origen Biblioteca actual Ubicación en estantería Fecha de adquisición Fuente de adquisición Total de préstamos Signatura topográfica completa Código de barras Visto por última vez Precio de reemplazo Tipo de ítem Koha
        Biblioteca del Ateneo de Madrid Biblioteca del Ateneo de Madrid Depósito 2 14/12/2009     L-5327 1182197 23/02/2023 23/02/2023 Libro impreso